<?xml version="1.0" encoding="UTF-8"?>
<record
    xmlns:xsi="http://www.w3.org/2001/XMLSchema-instance"
    xsi:schemaLocation="http://www.loc.gov/MARC21/slim http://www.loc.gov/standards/marcxml/schema/MARC21slim.xsd"
    xmlns="http://www.loc.gov/MARC21/slim">

  <leader>02702njm a2200469Ia 4500</leader>
  <controlfield tag="001">27420</controlfield>
  <controlfield tag="003">IT-RoPAU</controlfield>
  <controlfield tag="005">20220918181122.0</controlfield>
  <controlfield tag="008">131025s9999    xx            000 0 und d</controlfield>
  <datafield tag="040" ind1=" " ind2=" ">
    <subfield code="a">IT-RoPAU</subfield>
  </datafield>
  <datafield tag="040" ind1=" " ind2=" ">
    <subfield code="c">IT-RoPAU</subfield>
  </datafield>
  <datafield tag="041" ind1=" " ind2=" ">
    <subfield code="a">ITALIANO</subfield>
  </datafield>
  <datafield tag="999" ind1=" " ind2=" ">
    <subfield code="c">99854</subfield>
    <subfield code="d">99854</subfield>
  </datafield>
  <datafield tag="999" ind1=" " ind2=" ">
    <subfield code="b">n.d.</subfield>
  </datafield>
  <datafield tag="100" ind1=" " ind2=" ">
    <subfield code="a">AA.VV.</subfield>
    <subfield code="9">794</subfield>
  </datafield>
  <datafield tag="100" ind1=" " ind2=" ">
    <subfield code="e">Autore musica</subfield>
    <subfield code="9">18004</subfield>
  </datafield>
  <datafield tag="100" ind1=" " ind2=" ">
    <subfield code="g">Codice autore musica SPICS: 12000</subfield>
    <subfield code="9">796</subfield>
  </datafield>
  <datafield tag="245" ind1=" " ind2=" ">
    <subfield code="a">Amici miei Ricchi e Poveri</subfield>
  </datafield>
  <datafield tag="250" ind1=" " ind2=" ">
    <subfield code="a">1a ed.</subfield>
  </datafield>
  <datafield tag="260" ind1=" " ind2=" ">
    <subfield code="a">ROMA</subfield>
  </datafield>
  <datafield tag="260" ind1=" " ind2=" ">
    <subfield code="b">RCA (RADIO CORP. AMERICA)</subfield>
    <subfield code="c">1971 [1a Ed.:1971 - Ed. Lingua Orig.: 1971]</subfield>
  </datafield>
  <datafield tag="300" ind1=" " ind2=" ">
    <subfield code="a">DISCO</subfield>
  </datafield>
  <datafield tag="300" ind1=" " ind2=" ">
    <subfield code="c">33 minuti (Testo:  pag.)</subfield>
  </datafield>
  <datafield tag="500" ind1=" " ind2=" ">
    <subfield code="a">Canzone italiana.</subfield>
  </datafield>
  <datafield tag="505" ind1=" " ind2=" ">
    <subfield code="a">Amici miei - Favola - Addio mamma, addio pap&#xE0; - Limpido fiume del sud - Che sar&#xE0; - Con l'aiuto del Signore - Monna Lisa e messer duca - Souvenir del primo amore - La mia strada sar&#xE0; breve</subfield>
  </datafield>
  <datafield tag="650" ind1=" " ind2=" ">
    <subfield code="a">CANZONE ITALIAN [DISCHI]</subfield>
    <subfield code="e">Codice MATERIA SPICS: 9950</subfield>
    <subfield code="9">18005</subfield>
  </datafield>
  <datafield tag="700" ind1=" " ind2=" ">
    <subfield code="a">Ricchi e Poveri (I)</subfield>
    <subfield code="g">Codice interprete SPICS: 11114</subfield>
    <subfield code="e">Interprete</subfield>
    <subfield code="9">18006</subfield>
  </datafield>
  <datafield tag="700" ind1=" " ind2=" ">
    <subfield code="a">Anonimo</subfield>
    <subfield code="g">Codice autore musica SPICS: 2620</subfield>
    <subfield code="e">Autore musica</subfield>
    <subfield code="p">Amici miei</subfield>
    <subfield code="9">18007</subfield>
  </datafield>
  <datafield tag="700" ind1=" " ind2=" ">
    <subfield code="a">Newman Randy</subfield>
    <subfield code="g">Codice autore musica SPICS: 8094</subfield>
    <subfield code="e">Autore musica</subfield>
    <subfield code="p">Favola</subfield>
    <subfield code="9">18008</subfield>
  </datafield>
  <datafield tag="700" ind1=" " ind2=" ">
    <subfield code="a">De Angelis Enrico</subfield>
    <subfield code="g">Codice autore SPICS: 7485</subfield>
    <subfield code="e">Autore</subfield>
    <subfield code="p">Favola</subfield>
    <subfield code="9">18009</subfield>
  </datafield>
  <datafield tag="700" ind1=" " ind2=" ">
    <subfield code="a">Nistri C.</subfield>
    <subfield code="g">Codice autore testo/musica SPICS: 16004</subfield>
    <subfield code="e">Autore testo/musica</subfield>
    <subfield code="p">Favola - Limpido fiume del sud - Con l'aiuto del Signore - Monna Lisa e messer duca - Souvenir del primo amore - La mia strada sar&#xE0; breve</subfield>
    <subfield code="9">18010</subfield>
  </datafield>
  <datafield tag="700" ind1=" " ind2=" ">
    <subfield code="a">Salerno A.</subfield>
    <subfield code="g">Codice autore musica SPICS: 14302</subfield>
    <subfield code="e">Autore musica</subfield>
    <subfield code="p">Addio mamma, addio pap&#xE0;</subfield>
    <subfield code="9">18011</subfield>
  </datafield>
  <datafield tag="700" ind1=" " ind2=" ">
    <subfield code="a">Salerno M.</subfield>
    <subfield code="g">Codice autore testo/musica SPICS: 28279</subfield>
    <subfield code="e">Autore testo/musica</subfield>
    <subfield code="p">Addio mamma, addio pap&#xE0;</subfield>
    <subfield code="9">18012</subfield>
  </datafield>
  <datafield tag="700" ind1=" " ind2=" ">
    <subfield code="a">Gatti F.</subfield>
    <subfield code="g">Codice autore musica SPICS: 16096</subfield>
    <subfield code="e">Autore musica</subfield>
    <subfield code="p">Limpido fiume del sud - Monna Lisa e messer duca - La mia strada sar&#xE0; breve </subfield>
    <subfield code="9">18013</subfield>
  </datafield>
  <datafield tag="700" ind1=" " ind2=" ">
    <subfield code="a">Sotgiu Angelo</subfield>
    <subfield code="g">Codice autore SPICS: 21688</subfield>
    <subfield code="e">Autore</subfield>
    <subfield code="p">Limpido fiume del sud - Monna Lisa e messer duca - La mia strada sar&#xE0; breve </subfield>
    <subfield code="9">18014</subfield>
  </datafield>
  <datafield tag="700" ind1=" " ind2=" ">
    <subfield code="a">Pes</subfield>
    <subfield code="g">Codice autore musica SPICS: 16100</subfield>
    <subfield code="e">Autore musica</subfield>
    <subfield code="p">Che sar&#xE0;</subfield>
    <subfield code="9">18015</subfield>
  </datafield>
  <datafield tag="700" ind1=" " ind2=" ">
    <subfield code="a">Fontana Jimmy</subfield>
    <subfield code="g">Codice autore SPICS: 10905</subfield>
    <subfield code="e">Autore</subfield>
    <subfield code="p">Che sar&#xE0;</subfield>
    <subfield code="9">18016</subfield>
  </datafield>
  <datafield tag="700" ind1=" " ind2=" ">
    <subfield code="a">Migliacci Franco</subfield>
    <subfield code="g">Codice autore testo/musica SPICS: 13653</subfield>
    <subfield code="e">Autore testo/musica</subfield>
    <subfield code="p">Che sar&#xE0;</subfield>
    <subfield code="9">18017</subfield>
  </datafield>
  <datafield tag="700" ind1=" " ind2=" ">
    <subfield code="a">Marchetti Giulio</subfield>
    <subfield code="g">Codice autore musica SPICS: 11402</subfield>
    <subfield code="e">Autore musica</subfield>
    <subfield code="p">Con l'aiuto del Signore</subfield>
    <subfield code="9">18018</subfield>
  </datafield>
  <datafield tag="700" ind1=" " ind2=" ">
    <subfield code="a">Stott</subfield>
    <subfield code="g">Codice autore SPICS: 27603</subfield>
    <subfield code="e">Autore</subfield>
    <subfield code="p">Con l'aiuto del Signore</subfield>
    <subfield code="9">18019</subfield>
  </datafield>
  <datafield tag="700" ind1=" " ind2=" ">
    <subfield code="a">Siffre</subfield>
    <subfield code="g">Codice autore musica SPICS: 28280</subfield>
    <subfield code="e">Autore musica</subfield>
    <subfield code="p">Souvenir del primo amore</subfield>
    <subfield code="9">18020</subfield>
  </datafield>
  <datafield tag="942" ind1=" " ind2=" ">
    <subfield code="c">MD</subfield>
    <subfield code="2">ddc</subfield>
  </datafield>
  <datafield tag="952" ind1=" " ind2=" ">
    <subfield code="0">0</subfield>
    <subfield code="1">0</subfield>
    <subfield code="4">0</subfield>
    <subfield code="6">27420_000000000000000</subfield>
    <subfield code="7">1</subfield>
    <subfield code="a">SPICS</subfield>
    <subfield code="b">SPICS</subfield>
    <subfield code="d">2013-10-25</subfield>
    <subfield code="l">0</subfield>
    <subfield code="o">27420</subfield>
    <subfield code="r">2013-10-25 00:00:00</subfield>
    <subfield code="w">2013-10-25</subfield>
    <subfield code="y">MD</subfield>
    <subfield code="z">Progr. Ins.: 6977 / N.Vol.: 1 / Copie: 1 - Copia rara: n.d. / date import: 01.01.2014 - By Epidotti, Trombetti, Vaglietti</subfield>
  </datafield>
</record>
